ბათუმის შოთა რუსთაველის სახელმწიფო უნივერსიტეტის ბიბლიოთეკა

The new job security : the 5 best strategies for taking control of your career (ბიბ.ჩანაწერი № 51446)

000 -LEADER
fixed length control field 00805nam a2200241Ia 4500
001 - CONTROL NUMBER
control field 18432
003 - CONTROL NUMBER IDENTIFIER
control field GE_BSU
008 - FIXED-LENGTH DATA ELEMENTS--GENERAL INFORMATION
fixed length control field 181216s||||||||xx |||||||||||||| ||und||
020 ## - INTERNATIONAL STANDARD BOOK NUMBER
International Standard Book Number 9781580083775 (pbk.)
040 ## - CATALOGING SOURCE
Transcribing agency GE_BSU
080 ## - UNIVERSAL DECIMAL CLASSIFICATION NUMBER
Universal Decimal Classification number 331
100 ## - MAIN ENTRY--PERSONAL NAME
Personal name Lassiter, Pam.
245 #4 - TITLE STATEMENT
Title The new job security : the 5 best strategies for taking control of your career
250 ## - EDITION STATEMENT
Edition statement 1st rev. ed.
260 ## - PUBLICATION, DISTRIBUTION, ETC.
Place of publication, distribution, etc. Berkeley [Calif]
260 ## - PUBLICATION, DISTRIBUTION, ETC.
Name of publisher, distributor, etc. Ten Speed Press
260 ## - PUBLICATION, DISTRIBUTION, ETC.
Date of publication, distribution, etc. 2010
300 ## - PHYSICAL DESCRIPTION
Extent viii, 216 p, ill., 23 cm.
653 ## - INDEX TERM--UNCONTROLLED
Uncontrolled term The new job security
653 ## - INDEX TERM--UNCONTROLLED
Uncontrolled term კარიერული განვითარება. ბიზნესის წარმატება.
653 ## - INDEX TERM--UNCONTROLLED
Uncontrolled term შრომა დასაქმება,შრომის ეკონომიკა.
942 ## - ADDED ENTRY ELEMENTS (KOHA)
Koha item type წიგნი
ეგზემპლარები
Withdrawn status Lost status Damaged status Not for loan Date acquired Barcode Date last seen Price effective from Koha item type
        2018-12-17 47264 2018-12-17 2018-12-17 წიგნი